[Event "DVM U12 2018"]
[Site "Magdeburg GER"]
[Date "2018.12.30"]
[Round "7"]
[White "Tomasjan, Samuel"]
[Black "Wiedersich, Hendryk"]
[Result "0-1"]
[Termination "normal"]
[Board "2.2"]
[WhiteElo "1435"]
[BlackElo "1509"]
[WhiteClock "00:00:57"]
[BlackClock "00:45:32"]
[WhiteTeam "SF Brackel"]
[BlackTeam "SV Dresden-Leuben"]
[PlyCount "88"]
[WhiteFideId "16235584"]
[BlackFideId "16255399"]
[EventCountry "GER"]
[EventRounds "7"]
[EventType "team-swiss"]
[EventDate "2018.12.26"]

1. e4 {[%clk 1:30:59]} c5 {[%clk 1:30:54]} 2. Nf3 {[%clk 1:31:19]} d6 {[%clk
1:31:16]} 3. Nc3 {[%clk 1:31:19]} Nf6 {[%clk 1:31:38]} 4. d4 {[%clk 1:31:00]}
cxd4 {[%clk 1:32:00]} 5. Nxd4 {[%clk 1:31:15]} a6 {[%clk 1:32:14]} 6. Bd3
{[%clk 1:24:52]} e6 {[%clk 1:30:57]} 7. O-O {[%clk 1:23:24]} Be7 {[%clk
1:30:50]} 8. Be3 {[%clk 1:21:48]} b5 {[%clk 1:28:59]} 9. a3 {[%clk 1:20:51]}
Bb7 {[%clk 1:28:17]} 10. Re1 {[%clk 1:13:57]} d5 {[%clk 1:26:35]} 11. e5 {[%clk
1:10:26]} Nfd7 {[%clk 1:26:42]} 12. Qg4 {[%clk 1:09:42]} Nxe5 {[%clk 1:24:31]}
13. Qxg7 {[%clk 1:07:21]} Bf6 {[%clk 1:24:46]} 14. Qg3 {[%clk 1:07:24]} Nbc6
{[%clk 1:20:12]} 15. Nxc6 {[%clk 1:04:02]} Nxc6 {[%clk 1:19:19]} 16. Bh6 {[%clk
1:01:35]} Qd7 {[%clk 1:19:02]} 17. Bxh7 {[%clk 0:58:28]} Rxh7 {[%clk 1:14:39]}
18. Qg8+ {[%clk 0:58:50]} Ke7 {[%clk 1:15:03]} 19. Qxh7 {[%clk 0:59:07]} Rh8
{[%clk 1:15:27]} 20. Qd3 {[%clk 0:59:03]} Bxc3 {[%clk 1:15:41]} 21. Bg5+ {[%clk
0:53:45]} Bf6 {[%clk 1:15:40]} 22. Bxf6+ {[%clk 0:52:12]} Kxf6 {[%clk 1:16:00]}
23. Rad1 {[%clk 0:49:20]} Qd6 {[%clk 1:15:16]} 24. h3 {[%clk 0:47:44]} Rd8
{[%clk 1:12:44]} 25. Re3 {[%clk 0:38:20]} Ke7 {[%clk 1:07:10]} 26. Qh7 {[%clk
0:33:59]} Ne5 {[%clk 1:03:37]} 27. Rde1 {[%clk 0:29:49]} Nc4 {[%clk 1:02:38]}
28. Rf3 {[%clk 0:26:11]} Rf8 {[%clk 1:01:34]} 29. Qg7 {[%clk 0:21:07]} d4
{[%clk 1:00:35]} 30. Qf6+ {[%clk 0:19:33]} Kd7 {[%clk 0:58:54]} 31. Rd3 {[%clk
0:15:54]} e5 {[%clk 0:56:55]} 32. Qxd6+ Kxd6 {[%clk 0:56:12]} 33. b4 {[%clk
0:13:19]} Nb2 {[%clk 0:52:15]} 34. Rd2 {[%clk 0:10:41]} Na4 {[%clk 0:51:31]}
35. Rde2 {[%clk 0:09:44]} e4 {[%clk 0:51:11]} 36. Rd2 {[%clk 0:08:11]} Ke5
{[%clk 0:47:12]} 37. h4 {[%clk 0:07:06]} f5 {[%clk 0:46:50]} 38. g3 {[%clk
0:06:16]} f4 {[%clk 0:46:49]} 39. g4 {[%clk 0:05:53]} Nc3 {[%clk 0:45:58]} 40.
g5 {[%clk 0:04:30]} Rh8 {[%clk 0:46:08]} 41. f3 {[%clk 0:02:54]} e3 {[%clk
0:46:23]} 42. g6 {[%clk 0:01:52]} Bxf3 {[%clk 0:46:02]} 43. Rh2 {[%clk
0:01:06]} Bh5 {[%clk 0:46:20]} 44. Rg2 {[%clk 0:00:57]} Ne4 {[%clk 0:45:32]}
0-1

[Event "DVM U12 2018"]
[Site "Magdeburg GER"]
[Date "2018.12.30"]
[Round "7"]
[White "Hentschel, Lena"]
[Black "Römer, Alois"]
[Result "0-1"]
[Termination "normal"]
[Board "2.3"]
[WhiteElo "1539"]
[BlackElo "1444"]
[WhiteClock "00:02:49"]
[BlackClock "00:12:09"]
[WhiteTeam "SV Dresden-Leuben"]
[BlackTeam "SF Brackel"]
[PlyCount "128"]
[WhiteFideId "16240324"]
[BlackFideId "16255607"]
[EventCountry "GER"]
[EventRounds "7"]
[EventType "team-swiss"]
[EventDate "2018.12.26"]

1. d4 {[%clk 1:30:56]} d5 {[%clk 1:30:57]} 2. Bf4 {[%clk 1:31:06]} Nf6 {[%clk
1:31:21]} 3. Nf3 {[%clk 1:31:09]} c5 {[%clk 1:31:43]} 4. e3 {[%clk 1:28:18]}
Nc6 {[%clk 1:31:40]} 5. c3 {[%clk 1:27:57]} Qb6 {[%clk 1:31:58]} 6. Qc1 {[%clk
1:26:30]} Nh5 {[%clk 1:30:08]} 7. Bg5 {[%clk 1:25:31]} h6 {[%clk 1:30:21]} 8.
Bh4 {[%clk 1:25:24]} g5 {[%clk 1:30:34]} 9. Bg3 {[%clk 1:24:22]} Nxg3 {[%clk
1:30:18]} 10. hxg3 {[%clk 1:24:09]} g4 {[%clk 1:30:29]} 11. Nh4 {[%clk
1:19:56]} Bg7 {[%clk 1:28:41]} 12. Bd3 {[%clk 1:17:54]} c4 {[%clk 1:27:55]} 13.
Bc2 {[%clk 1:16:06]} e6 {[%clk 1:22:47]} 14. Nd2 {[%clk 1:14:56]} Qc7 {[%clk
1:22:16]} 15. O-O {[%clk 1:09:37]} b5 {[%clk 1:19:32]} 16. Re1 {[%clk 1:07:23]}
O-O {[%clk 1:14:56]} 17. e4 {[%clk 1:06:20]} Ne7 {[%clk 1:12:56]} 18. a3 {[%clk
1:03:19]} Bb7 {[%clk 1:08:12]} 19. e5 {[%clk 0:59:52]} a5 {[%clk 1:06:37]} 20.
Nf1 {[%clk 0:59:12]} Qb6 {[%clk 1:03:14]} 21. Qf4 {[%clk 0:58:02]} b4 {[%clk
0:58:19]} 22. Rab1 {[%clk 0:57:50]} b3 {[%clk 0:55:21]} 23. Bd1 {[%clk
0:57:47]} Ng6 {[%clk 0:51:56]} 24. Qxg4 {[%clk 0:56:50]} Nxh4 {[%clk 0:50:54]}
25. gxh4 {[%clk 0:54:27]} f6 {[%clk 0:47:59]} 26. exf6 {[%clk 0:53:30]} Rxf6
{[%clk 0:47:25]} 27. f3 {[%clk 0:51:11]} Re8 {[%clk 0:46:08]} 28. f4 {[%clk
0:47:44]} Bc8 {[%clk 0:43:27]} 29. Qh5 {[%clk 0:43:20]} Ref8 {[%clk 0:42:31]}
30. g3 {[%clk 0:41:32]} Kh7 {[%clk 0:38:58]} 31. Kh2 {[%clk 0:35:39]} Qc7
{[%clk 0:36:01]} 32. Nd2 {[%clk 0:29:23]} Rf5 {[%clk 0:34:38]} 33. Qe2 {[%clk
0:21:14]} e5 {[%clk 0:32:04]} 34. dxe5 {[%clk 0:17:24]} Bxe5 {[%clk 0:31:48]}
35. Kh1 {[%clk 0:16:03]} Bf6 {[%clk 0:26:36]} 36. Nf3 {[%clk 0:14:02]} Rg8
{[%clk 0:24:47]} 37. Qf2 {[%clk 0:10:39]} Qg7 {[%clk 0:23:26]} 38. Kh2 {[%clk
0:09:58]} Qc7 {[%clk 0:20:38]} 39. Qe2 {[%clk 0:07:07]} Qg7 {[%clk 0:08:17]}
40. Qf2 {[%clk 0:06:40]} Qc7 {[%clk 0:02:18]} 41. Qe2 {[%clk 0:05:47]} Qd7
{[%clk 0:01:13]} 42. Qf1 {[%clk 0:29:24]} d4 {[%clk 0:22:29]} 43. cxd4 {[%clk
0:24:57]} Bxd4 {[%clk 0:21:46]} 44. Nxd4 {[%clk 0:21:48]} Qxd4 {[%clk 0:21:35]}
45. Re7+ {[%clk 0:19:17]} Kg6 {[%clk 0:20:19]} 46. Qe2 {[%clk 0:17:55]} Rd5
{[%clk 0:18:12]} 47. Re4 {[%clk 0:11:46]} Qd2 {[%clk 0:15:57]} 48. Kg1 {[%clk
0:08:59]} Bf5 {[%clk 0:15:20]} 49. Qh5+ {[%clk 0:08:32]} Kf6 {[%clk 0:14:29]}
50. Qxh6+ {[%clk 0:08:01]} Kf7 {[%clk 0:13:11]} 51. Qh5+ {[%clk 0:07:53]} Bg6
{[%clk 0:12:42]} 52. Qe2 {[%clk 0:05:28]} Qxe2 {[%clk 0:12:55]} 53. Bxe2 {[%clk
0:05:28]} Bxe4 {[%clk 0:10:49]} 54. Rc1 {[%clk 0:04:31]} Rxg3+ {[%clk 0:11:01]}
55. Kf1 {[%clk 0:04:36]} Kf6 {[%clk 0:10:45]} 56. Rxc4 {[%clk 0:04:35]} Bd3
{[%clk 0:10:03]} 57. Rc6+ {[%clk 0:04:17]} Kf5 {[%clk 0:10:10]} 58. Bxd3+
{[%clk 0:04:24]} Rgxd3 {[%clk 0:10:25]} 59. h5 {[%clk 0:04:30]} Kxf4 {[%clk
0:10:40]} 60. Rc4+ {[%clk 0:03:39]} R3d4 {[%clk 0:10:53]} 61. Rxd4+ {[%clk
0:02:25]} Rxd4 {[%clk 0:11:17]} 62. Ke2 {[%clk 0:02:43]} Ke4 {[%clk 0:11:24]}
63. h6 {[%clk 0:03:00]} Rd7 {[%clk 0:11:49]} 64. Ke1 {[%clk 0:02:49]} Rh7
{[%clk 0:12:09]} 0-1

[Event "DVM U12 2018"]
[Site "Magdeburg GER"]
[Date "2018.12.30"]
[Round "7"]
[White "Römer, Uri"]
[Black "Bregulla, Paul"]
[Result "0-1"]
[Termination "normal"]
[Board "2.4"]
[WhiteElo "1098"]
[BlackElo "1539"]
[WhiteClock "01:19:29"]
[BlackClock "00:59:22"]
[WhiteTeam "SF Brackel"]
[BlackTeam "SV Dresden-Leuben"]
[PlyCount "64"]
[WhiteFideId "16275039"]
[BlackFideId "16259564"]
[EventCountry "GER"]
[EventRounds "7"]
[EventType "team-swiss"]
[EventDate "2018.12.26"]

1. e4 {[%clk 1:30:59]} e5 {[%clk 1:30:58]} 2. Nf3 {[%clk 1:31:25]} Nc6 {[%clk
1:31:21]} 3. Bc4 {[%clk 1:31:44]} Bc5 {[%clk 1:31:46]} 4. b4 {[%clk 1:32:07]}
Bxb4 {[%clk 1:31:42]} 5. c3 {[%clk 1:32:27]} Ba5 {[%clk 1:31:24]} 6. d4 {[%clk
1:32:46]} exd4 {[%clk 1:31:18]} 7. O-O {[%clk 1:33:08]} Nge7 {[%clk 1:30:36]}
8. cxd4 {[%clk 1:32:32]} O-O {[%clk 1:30:39]} 9. Qb3 {[%clk 1:32:04]} h6 {[%clk
1:27:40]} 10. d5 {[%clk 1:30:18]} Nb8 {[%clk 1:25:35]} 11. Ba3 {[%clk 1:29:10]}
d6 {[%clk 1:23:58]} 12. h3 {[%clk 1:29:12]} Bb6 {[%clk 1:21:29]} 13. Qc3 {[%clk
1:28:40]} f6 {[%clk 1:20:43]} 14. Nbd2 {[%clk 1:27:58]} Nd7 {[%clk 1:20:10]}
15. Rab1 {[%clk 1:25:37]} Ng6 {[%clk 1:17:22]} 16. Bd3 {[%clk 1:24:40]} Nge5
{[%clk 1:14:57]} 17. Nxe5 {[%clk 1:24:45]} Nxe5 {[%clk 1:15:15]} 18. Bb5 {[%clk
1:24:25]} Bd7 {[%clk 1:10:53]} 19. Rfe1 {[%clk 1:23:39]} Qe8 {[%clk 1:03:30]}
20. Be2 {[%clk 1:22:31]} Qg6 {[%clk 1:00:45]} 21. Qg3 {[%clk 1:20:03]} Qxg3
{[%clk 1:01:01]} 22. Rxb6 {[%clk 1:19:52]} Qxa3 {[%clk 1:01:04]} 23. Rxb7
{[%clk 1:20:01]} Qxa2 {[%clk 1:00:33]} 24. Rd1 {[%clk 1:20:00]} Rab8 {[%clk
0:58:05]} 25. Rxc7 {[%clk 1:19:55]} Rfc8 {[%clk 0:58:23]} 26. Rxc8+ {[%clk
1:19:25]} Rxc8 {[%clk 0:58:41]} 27. f3 {[%clk 1:19:33]} Rc2 {[%clk 0:58:47]}
28. Bc4 {[%clk 1:19:36]} Nxc4 {[%clk 0:58:58]} 29. Nf1 {[%clk 1:19:19]} Rxg2+
{[%clk 0:59:06]} 30. Kh1 {[%clk 1:19:41]} Bxh3 {[%clk 0:59:21]} 31. f4 {[%clk
1:19:27]} Rh2+ {[%clk 0:59:22]} 32. Kg1 {[%clk 1:19:29]} Qg2# 0-1

[Event "DVM U12 2018"]
[Site "Magdeburg GER"]
[Date "2018.12.30"]
[Round "7"]
[White "Gutewort, Paul Emil"]
[Black "Klühs, Gustaf"]
[Result "0-1"]
[Termination "normal"]
[Board "3.1"]
[WhiteElo "1635"]
[BlackElo "1682"]
[WhiteClock "00:39:49"]
[BlackClock "01:09:50"]
[WhiteTeam "SF Nordost Berlin"]
[BlackTeam "SC Borussia Lichtenberg"]
[PlyCount "118"]
[WhiteFideId "16204182"]
[BlackFideId "16228936"]
[EventCountry "GER"]
[EventRounds "7"]
[EventType "team-swiss"]
[EventDate "2018.12.26"]

1. c4 {[%clk 1:30:57]} Nf6 {[%clk 1:30:57]} 2. g3 {[%clk 1:31:22]} g6 {[%clk
1:31:24]} 3. Bg2 {[%clk 1:31:49]} Bg7 {[%clk 1:31:51]} 4. Nc3 {[%clk 1:32:02]}
O-O {[%clk 1:32:17]} 5. e3 {[%clk 1:32:27]} d6 {[%clk 1:32:41]} 6. Nge2 {[%clk
1:32:53]} e5 {[%clk 1:33:06]} 7. O-O {[%clk 1:33:16]} c6 {[%clk 1:33:32]} 8. d4
{[%clk 1:33:40]} Qc7 {[%clk 1:33:46]} 9. b3 {[%clk 1:33:48]} Nbd7 {[%clk
1:33:59]} 10. Bb2 {[%clk 1:34:08]} Re8 {[%clk 1:34:18]} 11. Qd2 {[%clk
1:33:56]} Nf8 {[%clk 1:33:51]} 12. Rac1 {[%clk 1:32:43]} e4 {[%clk 1:33:45]}
13. h3 {[%clk 1:29:32]} h5 {[%clk 1:33:59]} 14. Rfd1 {[%clk 1:29:48]} Bf5
{[%clk 1:33:59]} 15. d5 {[%clk 1:28:11]} c5 {[%clk 1:34:17]} 16. a3 {[%clk
1:26:43]} Qd7 {[%clk 1:34:21]} 17. Kh2 {[%clk 1:27:04]} N8h7 {[%clk 1:34:04]}
18. Ng1 {[%clk 1:26:57]} Ng5 {[%clk 1:33:53]} 19. Nce2 {[%clk 1:26:11]} h4
{[%clk 1:30:21]} 20. b4 {[%clk 1:22:24]} Nf3+ {[%clk 1:26:22]} 21. Nxf3 {[%clk
1:21:35]} exf3 {[%clk 1:26:48]} 22. Bxf3 {[%clk 1:21:55]} hxg3+ {[%clk
1:26:57]} 23. Nxg3 {[%clk 1:19:04]} Bxh3 {[%clk 1:26:27]} 24. Rh1 {[%clk
1:17:32]} Bg4 {[%clk 1:25:26]} 25. Bg2 {[%clk 1:14:19]} Qc8 {[%clk 1:22:58]}
26. e4 {[%clk 1:11:16]} Nh5 {[%clk 1:21:24]} 27. Bxg7 {[%clk 1:10:52]} Kxg7
{[%clk 1:21:31]} 28. Nxh5+ {[%clk 1:08:32]} Bxh5 {[%clk 1:21:48]} 29. f3 {[%clk
1:07:39]} Qd8 {[%clk 1:20:29]} 30. Kg3 {[%clk 1:06:57]} b6 {[%clk 1:19:15]} 31.
f4 {[%clk 1:01:09]} Rh8 {[%clk 1:19:30]} 32. Rcf1 {[%clk 0:59:42]} Qf6 {[%clk
1:18:33]} 33. Bf3 {[%clk 0:52:23]} Bxf3 {[%clk 1:17:27]} 34. Kxf3 {[%clk
0:52:48]} Rh4 {[%clk 1:16:00]} 35. Rxh4 {[%clk 0:52:39]} Qxh4 {[%clk 1:16:25]}
36. Qb2+ {[%clk 0:52:28]} f6 {[%clk 1:14:00]} 37. Qg2 {[%clk 0:52:45]} Rh8
{[%clk 1:13:59]} 38. bxc5 {[%clk 0:51:47]} bxc5 {[%clk 1:14:14]} 39. Rg1 {[%clk
0:51:52]} Qh5+ {[%clk 1:11:44]} 40. Kg3 {[%clk 0:48:27]} Rb8 {[%clk 1:11:35]}
41. Qc2 {[%clk 0:48:09]} Rh8 {[%clk 1:10:42]} 42. Qg2 {[%clk 0:47:52]} Qh4+
{[%clk 1:07:20]} 43. Kf3 {[%clk 0:48:01]} Qh3+ {[%clk 1:07:36]} 44. Qg3 {[%clk
0:48:18]} Qxg3+ {[%clk 1:07:41]} 45. Rxg3 {[%clk 0:48:16]} Rb8 {[%clk 1:08:05]}
46. Ke2 {[%clk 0:47:00]} a5 {[%clk 1:07:38]} 47. Kd2 {[%clk 0:47:24]} a4 {[%clk
1:08:01]} 48. Kc2 {[%clk 0:46:01]} Rh8 {[%clk 1:07:35]} 49. Kd2 {[%clk
0:42:44]} Rh2+ {[%clk 1:07:43]} 50. Kd1 {[%clk 0:42:39]} Rf2 {[%clk 1:07:13]}
51. f5 {[%clk 0:43:01]} g5 {[%clk 1:07:22]} 52. Re3 {[%clk 0:41:34]} Kf7 {[%clk
1:07:24]} 53. Rh3 {[%clk 0:39:04]} Kg7 {[%clk 1:07:47]} 54. Re3 {[%clk
0:39:24]} Rg2 {[%clk 1:07:56]} 55. Re2 {[%clk 0:38:11]} Rg3 {[%clk 1:08:10]}
56. Rb2 {[%clk 0:38:33]} Rg1+ {[%clk 1:08:34]} 57. Kc2 {[%clk 0:38:57]} Rg2+
{[%clk 1:08:58]} 58. Kc1 {[%clk 0:39:23]} Rxb2 {[%clk 1:09:25]} 59. Kxb2 {[%clk
0:39:49]} g4 {[%clk 1:09:50]} 0-1

[Event "DVM U12 2018"]
[Site "Magdeburg GER"]
[Date "2018.12.30"]
[Round "7"]
[White "Ermitsch, Magnus"]
[Black "Reichmann, Felix"]
[Result "0-1"]
[Termination "normal"]
[Board "3.2"]
[WhiteElo "1627"]
[BlackElo "1640"]
[WhiteClock "00:40:43"]
[BlackClock "00:22:28"]
[WhiteTeam "SC Borussia Lichtenberg"]
[BlackTeam "SF Nordost Berlin"]
[PlyCount "92"]
[WhiteFideId "16234464"]
[BlackFideId "16238290"]
[EventCountry "GER"]
[EventRounds "7"]
[EventType "team-swiss"]
[EventDate "2018.12.26"]

1. e4 {[%clk 1:30:18]} c5 {[%clk 1:30:43]} 2. Nf3 {[%clk 1:29:37]} g6 {[%clk
1:31:03]} 3. d4 {[%clk 1:28:57]} cxd4 {[%clk 1:31:27]} 4. Nxd4 {[%clk 1:29:07]}
Bg7 {[%clk 1:31:54]} 5. Be2 {[%clk 1:28:53]} Nc6 {[%clk 1:32:13]} 6. Nb3 {[%clk
1:28:16]} Nf6 {[%clk 1:32:29]} 7. Nc3 {[%clk 1:27:47]} O-O {[%clk 1:32:28]} 8.
Be3 {[%clk 1:27:12]} d6 {[%clk 1:32:50]} 9. f4 {[%clk 1:27:03]} Be6 {[%clk
1:32:14]} 10. g4 {[%clk 1:24:53]} Nd7 {[%clk 1:23:20]} 11. Qd2 {[%clk 1:18:41]}
Rc8 {[%clk 1:22:33]} 12. g5 {[%clk 1:10:47]} a5 {[%clk 1:18:21]} 13. O-O {[%clk
1:01:06]} f5 {[%clk 1:09:06]} 14. Nd4 {[%clk 0:53:11]} Nxd4 {[%clk 1:09:07]}
15. Bxd4 {[%clk 0:53:28]} Bxd4+ {[%clk 0:57:21]} 16. Qxd4 {[%clk 0:53:19]} Nc5
{[%clk 0:56:56]} 17. exf5 {[%clk 0:49:09]} Bxf5 {[%clk 0:53:11]} 18. Bc4+
{[%clk 0:48:29]} e6 {[%clk 0:53:17]} 19. Rae1 {[%clk 0:46:08]} Qd7 {[%clk
0:49:02]} 20. Re2 {[%clk 0:43:02]} Rcd8 {[%clk 0:43:02]} 21. Rfe1 {[%clk
0:40:03]} Qg7 {[%clk 0:37:40]} 22. Qf2 {[%clk 0:34:34]} b6 {[%clk 0:31:29]} 23.
Nd5 {[%clk 0:31:17]} Qd7 {[%clk 0:13:30]} 24. Qd4 {[%clk 0:20:16]} b5 {[%clk
0:11:57]} 25. Bxb5 {[%clk 0:18:47]} Qxb5 {[%clk 0:07:55]} 26. Ne7+ {[%clk
0:19:08]} Kf7 {[%clk 0:08:19]} 27. Nxf5 {[%clk 0:19:22]} gxf5 {[%clk 0:08:38]}
28. Qf6+ {[%clk 0:19:28]} Kg8 {[%clk 0:08:55]} 29. Qh6 {[%clk 0:19:24]} Qb7
{[%clk 0:08:32]} 30. Rg2 {[%clk 0:18:32]} Qg7 {[%clk 0:08:16]} 31. Qh5 {[%clk
0:18:12]} Qg6 {[%clk 0:08:09]} 32. Qf3 {[%clk 0:18:22]} Rf7 {[%clk 0:05:15]}
33. h4 {[%clk 0:18:31]} Kf8 {[%clk 0:05:12]} 34. h5 {[%clk 0:18:25]} Qg7 {[%clk
0:05:25]} 35. g6 {[%clk 0:16:43]} hxg6 {[%clk 0:05:47]} 36. hxg6 {[%clk
0:17:01]} Rf6 {[%clk 0:06:03]} 37. Qh5 {[%clk 0:17:20]} Ke7 {[%clk 0:06:20]}
38. Re3 {[%clk 0:16:15]} Rh8 {[%clk 0:06:29]} 39. Qg5 {[%clk 0:14:13]} Ne4
{[%clk 0:06:18]} 40. Rxe4 {[%clk 0:14:25]} fxe4 {[%clk 0:06:41]} 41. Qxa5
{[%clk 0:14:36]} Rd8 {[%clk 0:02:38]} 42. Qg5 {[%clk 0:14:13]} e3 {[%clk
0:28:54]} 43. f5 {[%clk 0:42:07]} exf5 {[%clk 0:23:29]} 44. Qxe3+ {[%clk
0:42:15]} Kf8 {[%clk 0:23:26]} 45. Qh3 {[%clk 0:41:03]} Re8 {[%clk 0:22:28]}
46. Qh5 {[%clk 0:40:43]} f4 0-1

[Event "DVM U12 2018"]
[Site "Magdeburg GER"]
[Date "2018.12.30"]
[Round "7"]
[White "Duduka, Artem"]
[Black "Zielke, Ansgar"]
[Result "1-0"]
[Termination "normal"]
[Board "3.3"]
[WhiteElo "1589"]
[BlackElo "1642"]
[WhiteClock "00:55:44"]
[BlackClock "00:29:57"]
[WhiteTeam "SF Nordost Berlin"]
[BlackTeam "SC Borussia Lichtenberg"]
[PlyCount "97"]
[WhiteFideId "14194805"]
[BlackFideId "16244800"]
[EventCountry "GER"]
[EventRounds "7"]
[EventType "team-swiss"]
[EventDate "2018.12.26"]

1. e4 {[%clk 1:30:23]} c5 {[%clk 1:30:51]} 2. Nf3 {[%clk 1:30:20]} a6 {[%clk
1:31:11]} 3. d4 {[%clk 1:30:28]} cxd4 {[%clk 1:31:18]} 4. Nxd4 {[%clk 1:30:43]}
Nf6 {[%clk 1:31:12]} 5. Nc3 {[%clk 1:31:00]} e5 {[%clk 1:31:10]} 6. Nf3 {[%clk
1:30:26]} Nc6 {[%clk 1:22:28]} 7. a3 {[%clk 1:28:43]} Bc5 {[%clk 1:13:40]} 8.
Bc4 {[%clk 1:20:49]} O-O {[%clk 1:09:15]} 9. O-O {[%clk 1:19:56]} d6 {[%clk
1:05:22]} 10. Bg5 {[%clk 1:17:29]} h6 {[%clk 1:00:26]} 11. Bh4 {[%clk 1:17:51]}
Be6 {[%clk 0:55:39]} 12. Nd5 {[%clk 1:13:39]} Bxd5 {[%clk 0:48:07]} 13. Bxd5
{[%clk 1:13:09]} Rc8 {[%clk 0:39:14]} 14. c3 {[%clk 1:09:46]} Qd7 {[%clk
0:35:21]} 15. Bxf6 {[%clk 1:09:49]} gxf6 {[%clk 0:35:40]} 16. Qd2 {[%clk
1:09:38]} Kg7 {[%clk 0:34:08]} 17. Bxc6 {[%clk 1:08:53]} bxc6 {[%clk 0:34:08]}
18. Nh4 {[%clk 1:09:02]} Rh8 {[%clk 0:32:45]} 19. Nf5+ {[%clk 1:08:37]} Kg6
{[%clk 0:32:15]} 20. Qd3 {[%clk 1:07:44]} Rcg8 {[%clk 0:18:06]} 21. Qh3 {[%clk
1:07:37]} Qe6 {[%clk 0:17:26]} 22. Rad1 {[%clk 1:03:58]} d5 {[%clk 0:16:29]}
23. Rd3 {[%clk 1:03:37]} Bf8 {[%clk 0:14:32]} 24. exd5 {[%clk 0:55:13]} cxd5
25. Nh4+ {[%clk 0:39:32]} Kh7 {[%clk 0:05:37]} 26. Qf5+ {[%clk 0:39:52]} Qxf5
{[%clk 0:05:36]} 27. Nxf5 {[%clk 0:40:11]} Rg5 {[%clk 0:05:39]} 28. Ne3 {[%clk
0:40:11]} d4 {[%clk 0:05:23]} 29. cxd4 {[%clk 0:40:24]} exd4 {[%clk 0:05:43]}
30. Rxd4 {[%clk 0:40:35]} Bc5 {[%clk 0:06:04]} 31. Rf4 {[%clk 0:40:31]} Kg6
{[%clk 0:05:18]} 32. b4 {[%clk 0:37:01]} Bd6 {[%clk 0:04:22]} 33. Rc4 {[%clk
0:36:42]} a5 {[%clk 0:03:43]} 34. Rd1 {[%clk 0:35:35]} Bf8 {[%clk 0:01:47]} 35.
Rd5 {[%clk 0:35:19]} Rxd5 {[%clk 0:01:46]} 36. Nxd5 {[%clk 0:35:39]} axb4
{[%clk 0:02:10]} 37. axb4 {[%clk 0:35:54]} Bd6 {[%clk 0:02:27]} 38. Rc6 {[%clk
0:34:52]} Re8 {[%clk 0:02:08]} 39. g3 {[%clk 0:34:32]} Be5 {[%clk 0:01:35]} 40.
b5 {[%clk 0:32:53]} Bd4 {[%clk 0:01:21]} 41. Rc4 {[%clk 0:30:19]} Ba7 {[%clk
0:00:35]} 42. b6 {[%clk 0:30:14]} Bxb6 {[%clk 0:29:48]} 43. Nxb6 {[%clk
1:00:33]} f5 {[%clk 0:29:55]} 44. Rc6+ {[%clk 0:59:52]} f6 {[%clk 0:30:07]} 45.
Nd7 {[%clk 0:59:27]} Kg5 {[%clk 0:30:12]} 46. Nxf6 {[%clk 0:57:50]} Re1+ {[%clk
0:30:34]} 47. Kg2 {[%clk 0:58:13]} f4 {[%clk 0:30:41]} 48. Nh7+ {[%clk
0:56:27]} Kg4 {[%clk 0:29:57]} 49. Rc4 {[%clk 0:55:44]} 1-0

[Event "DVM U12 2018"]
[Site "Magdeburg GER"]
[Date "2018.12.30"]
[Round "7"]
[White "Zobel, Christian"]
[Black "Beck, Felix"]
[Result "1/2-1/2"]
[Termination "normal"]
[Board "3.4"]
[WhiteElo "1364"]
[BlackElo "1414"]
[WhiteClock "00:29:32"]
[BlackClock "00:55:53"]
[WhiteTeam "SC Borussia Lichtenberg"]
[BlackTeam "SF Nordost Berlin"]
[PlyCount "106"]
[WhiteFideId "16259068"]
[BlackFideId "16255364"]
[EventCountry "GER"]
[EventRounds "7"]
[EventType "team-swiss"]
[EventDate "2018.12.26"]

1. e4 {[%clk 1:30:57]} c6 {[%clk 1:30:54]} 2. d4 {[%clk 1:31:12]} d5 {[%clk
1:31:19]} 3. exd5 {[%clk 1:31:24]} cxd5 {[%clk 1:31:43]} 4. Bd3 {[%clk
1:31:44]} Nc6 {[%clk 1:31:35]} 5. c3 {[%clk 1:32:06]} Nf6 {[%clk 1:31:30]} 6.
h3 {[%clk 1:30:27]} g6 {[%clk 1:24:56]} 7. Bf4 {[%clk 1:28:54]} Bf5 {[%clk
1:23:07]} 8. Nf3 {[%clk 1:29:05]} Bxd3 {[%clk 1:20:13]} 9. Qxd3 {[%clk
1:29:26]} Bg7 {[%clk 1:19:24]} 10. O-O {[%clk 1:24:49]} O-O {[%clk 1:19:43]}
11. Re1 {[%clk 1:23:57]} e6 {[%clk 1:18:48]} 12. Nbd2 {[%clk 1:21:03]} Rc8
{[%clk 1:18:10]} 13. Qe3 {[%clk 1:15:25]} a6 {[%clk 1:15:10]} 14. Bh6 {[%clk
1:13:36]} b5 {[%clk 1:14:48]} 15. Bxg7 {[%clk 1:04:50]} Kxg7 {[%clk 1:15:09]}
16. Qd3 {[%clk 1:04:59]} Qb6 {[%clk 1:12:31]} 17. Nb3 {[%clk 1:02:18]} Ne4
{[%clk 1:07:35]} 18. Nfd2 {[%clk 0:58:49]} Nxd2 {[%clk 1:03:13]} 19. Qxd2
{[%clk 0:58:47]} Na5 {[%clk 1:01:59]} 20. Nc5 {[%clk 0:50:56]} Nc4 {[%clk
1:02:00]} 21. Qe2 {[%clk 0:48:19]} Rfe8 {[%clk 0:57:51]} 22. b3 {[%clk
0:38:16]} Nd6 {[%clk 0:57:16]} 23. f4 {[%clk 0:32:18]} a5 {[%clk 0:51:47]} 24.
a3 {[%clk 0:28:48]} Nf5 {[%clk 0:47:50]} 25. g4 {[%clk 0:21:01]} Nd6 {[%clk
0:47:51]} 26. Nd7 {[%clk 0:21:06]} Qc6 {[%clk 0:29:03]} 27. Qe5+ {[%clk
0:20:17]} Kg8 {[%clk 0:29:15]} 28. Nf6+ {[%clk 0:20:40]} Kf8 {[%clk 0:29:04]}
29. Nxe8 {[%clk 0:21:02]} Rxe8 {[%clk 0:29:28]} 30. Rac1 {[%clk 0:20:21]} Ne4
{[%clk 0:29:39]} 31. Qh8+ {[%clk 0:18:12]} Ke7 {[%clk 0:29:59]} 32. Qxh7 {[%clk
0:18:00]} Nxc3 {[%clk 0:28:50]} 33. Qh4+ {[%clk 0:16:48]} Kd7 {[%clk 0:29:04]}
34. Rc2 {[%clk 0:16:14]} b4 {[%clk 0:28:48]} 35. axb4 {[%clk 0:15:59]} axb4
{[%clk 0:29:12]} 36. Qg3 {[%clk 0:14:58]} Qc7 {[%clk 0:28:57]} 37. Kg2 {[%clk
0:13:36]} Rc8 {[%clk 0:27:27]} 38. f5 {[%clk 0:12:38]} Qxg3+ {[%clk 0:27:37]}
39. Kxg3 {[%clk 0:12:46]} Ne4+ {[%clk 0:27:50]} 40. Rxe4 {[%clk 0:13:03]} Rxc2
{[%clk 0:27:56]} 41. fxe6+ {[%clk 0:13:27]} fxe6 {[%clk 0:28:07]} 42. Rf4
{[%clk 0:12:00]} Ke7 {[%clk 0:26:49]} 43. Kh4 {[%clk 0:05:06]} Rc3 {[%clk
0:26:54]} 44. Kg5 {[%clk 0:05:11]} Rxb3 {[%clk 0:26:49]} 45. Kxg6 {[%clk
0:02:06]} Rxh3 {[%clk 0:27:04]} 46. Rf7+ {[%clk 0:01:10]} Kd6 {[%clk 0:25:23]}
47. Rb7 {[%clk 0:01:15]} b3 {[%clk 0:25:32]} 48. g5 {[%clk 0:29:57]} Rg3 {[%clk
0:55:11]} 49. Kh6 {[%clk 0:29:57]} Rh3+ {[%clk 0:55:33]} 50. Kg7 {[%clk
0:30:18]} Rc3 {[%clk 0:54:59]} 51. Kh6 {[%clk 0:29:46]} Rh3+ {[%clk 0:55:15]}
52. Kg7 {[%clk 0:29:41]} Rc3 {[%clk 0:55:39]} 53. Kh6 {[%clk 0:29:32]} Rh3+
{[%clk 0:55:53]} 1/2-1/2